Tvorba cien nových výrobkov v Chemickom výrobnom družstve invalidov Rimavan, Rimavská Sobota záverečná práca postgraduálneho štúdia
Saved in:
| Main Author: | |
|---|---|
| Corporate Author: | |
| Other Authors: | |
| Format: | Book |
| Language: | Slovak |
| Published: |
Bratislava
1990
|
| Tags: |
No Tags, Be the first to tag this record!
|
MARC
| LEADER | 00000nam a2200000 4500 | ||
|---|---|---|---|
| 001 | c035113 | ||
| 005 | 20260108101305.8 | ||
| 041 | 0 | |a slo | |
| 044 | |a SK | ||
| 245 | 1 | 0 | |a Tvorba cien nových výrobkov v Chemickom výrobnom družstve invalidov Rimavan, Rimavská Sobota |b záverečná práca postgraduálneho štúdia |c Vincent Štucel ; ved. práce Milan Rajňák |
| 264 | 1 | |a Bratislava |c 1990 | |
| 300 | |a 54 s. | ||
| 100 | 1 | |a Štucel, Vincent | |
| 700 | 1 | |a Rajňák, Milan | |
| 710 | 2 | |a Vysoká škola ekonomická v Bratislave | |